000 01186cam a22003497a 4500
003 CHAP
005 20220329140721.0
008 971013s1963 r 00010 d
010 _a56462
011 _a57434
035 _a61589
040 _cCHAP
090 _aTesis
100 0 0 _aZertuche y Díez de Bonilla, Federico.
_9123976
245 0 _aEstudio de fertilización de trigo en el Bajío durante el ciclo 1961-62
260 _aChapingo, Méx. :
_bEl autor,
_c1963
300 _apág. varía
502 _aTesis (Ing. Agr. Esp. en Fitotecnia) -- ENA. Departamento de Fitotecnia
590 _aALEPH
_b10
_c20130110
_lUCH01
_h1334
590 _aBATCH-UPD
_b10
_c20130110
_lUCH01
_h0824
590 _aBATCH-UPD
_b10
_c20130410
_lUCH01
_h0502
590 _aBATCH-UPD
_b10
_c20130914
_lUCH01
_h1405
590 _aCONVERSION
_b10
_c20130109
_lUCH01
_h1330
650 1 4 _aFertilizantes para trigo.
_940641
650 1 4 _aTrigo
_xBajío.
_9114983
650 1 4 _aTrigo
_xMejoramiento.
_9115057
901 _aBK
942 _cFOLL
949 _bBC
_cTES
_d-132261
_eTS1
_i61589
_sb
949 _bBC
_cTES
_d33724000597456
_eTS2
_fc.2
_i61589
_sb
949 _bBC
_cTES
_d33724000597464
_eTS2
_fc.3
_i61589
_sb
999 _c56462
_d56462